Manual centroamericano de gestión del riesgo en puentes.
| Main Author: | |
|---|---|
| Format: | Section = Libro |
| Language: | Undetermined Spanish |
| Published: |
España
SIECA
2010
|
| Subjects: |
| LEADER | 00667nam a2200193Ia 4500 | ||
|---|---|---|---|
| 008 | 241007s9999||||xx |||||||||||||| ||und|| | ||
| 040 | |a BIBLIOTECA-RURC/ 696 S571 | ||
| 041 | |a spa | ||
| 082 | |a 696 S571 | ||
| 100 | 1 | |a Secretaria de integración económica centroamericana (SIECA) | |
| 245 | 1 | 0 | |a Manual centroamericano de gestión del riesgo en puentes. |
| 260 | |a España |b SIECA |c 2010 | ||
| 300 | |a 99 p. :il. | ||
| 650 | 7 | |a NORMAS PARA LA GESTIÓN DE RIESGOS EN PUENTES | |
| 650 | 7 | |b ESTUDIO DE IMPACTO AMBIENTAL, UN INSTRUMENTO PARA MITIGAR Y REDUCIR DAÑOS AL AMBIENTE | |
| 650 | 7 | |c FACTORES DE SEGURIDAD VIAL. | |
| 942 | |c BK |2 ddc | ||
| 991 | |a TEXTO | ||
| 999 | |c 14586 | ||